La reinvención del Estado y el Estado plurinacional /

Guardat en:
Dades bibliogràfiques
Autor principal: Boaventura de, Sousa Santos
Format: Text
Matèries:
Etiquetes: Afegir etiqueta
Sense etiquetes, Sigues el primer a etiquetar aquest registre!

MARC

LEADER 00000 a a2200000 04500
001 11057
003
040
100 |a Boaventura de, Sousa Santos  
245 |a La reinvención del Estado y el Estado plurinacional /  |c Sousa Santos Boaventura de 
650 |a POLITICA  
650 |a ESTADO  
650 |a CULTURA  
650 |a NACION  
650 |a TEORIA POLITICA  
773 |g volumen 8, número 22; páginas 25-46  
999 |c 27859  |d 27859